000 00775nam a2200229 4500
008 b xx# eng u
010 _a1589
020 _a0132831767
020 _a9780132831765
040 _aLB-BrCRDP
082 _a306.432/H566e
100 1 _aHerriott, Robert E.
130 1 _lEN
245 1 0 _aThe environment of schooling
_bFormal education as as open social system
_cRobert E. Herriott, Benjamin J. Hodgkins
260 _aEnglewood Cliffs, N.J.
_bPrentice-Hall, inc
_cc1973
300 _axiv, 237p.:
_btables ;
_c23cm
500 _aBibliographical references at the end of chapters, appendices and index at the end
650 _aEducation
_xSocietiex
700 1 0 _aHodgkins, Benjamin J.
942 _cBK
999 _c13573
_d13573